Normal view
MARC view
- Syck, Gary
Entry Personal Name
001 - CONTROL NUMBER
- control field: 112923
003 - CONTROL NUMBER IDENTIFIER
- control field: NUST
005 - DATE AND TIME OF LATEST TRANSACTION
- control field: 20230531134048.0
008 - FIXED-LENGTH DATA ELEMENTS
- fixed length control field: 230531|| aca||aabn | a|a d
040 ## - CATALOGING SOURCE
- Original cataloging agency: NUST
- Transcribing agency: NUST
100 ## - HEADING--PERSONAL NAME
- Personal name: Syck, Gary
670 ## - SOURCE DATA FOUND
- Source citation: Work cat.: (NUST)180474: Syck, Gary., The Waite Group's Turbo Pascal how-to 6.0 :, c1991.
